| 000 | 01172nam a22003377i 4500 | ||
|---|---|---|---|
| 003 | EG-ScBUE | ||
| 005 | 20250723101624.0 | ||
| 008 | 141016t2012 at a f b 001 0 eng d | ||
| 020 | _a9781111427153 | ||
| 020 | _a1111427151 | ||
| 040 |
_aEG-ScBUE _beng _erda _cEG-ScBUE _dEG-ScBUE |
||
| 082 | 0 | 4 |
_222 _a541.2242 _bROD |
| 100 | 1 |
_aRodgers, Glen E., _936230 _d1944- _eauthor. |
|
| 245 | 1 | 0 |
_aDescriptive inorganic, coordination, and solid-state chemistry / _cGlen E. Rodgers, Allegheny College. |
| 250 | _aThird edition. | ||
| 250 | _aInternational edition. | ||
| 264 | 1 |
_aAustralia : _bBrooks/Cole, Cengage Learning, _c[2012] |
|
| 264 | 4 | _cc2012 | |
| 300 |
_axxviii, 624 pages : _billustrations ; _c26 cm |
||
| 336 |
_2rdacontent _atext _btxt |
||
| 337 |
_aunmediated _2rdamedia _bn |
||
| 338 |
_avolume _bnc _2rdacarrier |
||
| 500 | _aIncludes appendix. | ||
| 504 | _aIncludes bibliographical references and index. | ||
| 650 | 7 |
_aCoordination compounds. _936231 _2BUEsh |
|
| 650 | 7 |
_aSolid state chemistry. _91871 _2BUEsh |
|
| 650 | 7 |
_aChemistry, Inorganic. _96017 _2BUEsh |
|
| 653 |
_bENGCHE _cOctober2014 |
||
| 655 |
_vReading book _933728 |
||
| 942 |
_2ddc _cBB |
||
| 999 |
_c18459 _d18431 |
||